Peepy - Statistics

General Stats
  • This quiz has been taken 4 times
  • The average score is 7 of 22
Answer Stats
Picture Answer % Correct
Axolotlpy
100%
Doggy peepy
100%
Island peepy
100%
Shroompy
100%
Angelpy
50%
cornpy
50%
Peepy
50%
Tigerpy
50%
Cubepy
25%
Golden
25%
Lemonpy
25%
Pink peepy
25%
Sheepy
25%
Allergy peepy
0%
Celebrity Blue
0%
Devilpy
0%
freezerburnpy
0%
Fuzzpy
0%
Mistakepy
0%
Powerplant
0%
Thicc Brungus
0%
Tough Luck
0%
No matching quizzes found
Score Distribution
Percent of People with Each Score
Percentile by Number Answered
Your Score History
You have not taken this quiz